000
00365nam a2200145Ia 4500
008
231129s2001||||xx |||||||||||||| ||spa||
020
_a
958-30-0013-2
040
_b
spa
082
_a
796.323 P434b
100
_a
Perea Rosero Tucidides
245
0
_a
Baloncesto
260
_c
2001
264
_a
Panamericana
942
_2
ddc
_c
BKS
999
_c
6018
_d
6018